Mon Ambassade en Russie Soviétique (Registro nro. 318795)

Detalles MARC
000 -ENCABEZADO
Número de control [NR] 02239 a2200277 4500
005 - FECHA Y HORA DE LA ÚLTIMA TRANSACCIÓN
control field 20210507151109.0
008 - DE LONGITUD FIJA DE DATOS DE ELEMENTOS - INFORMACIÓN GENERAL
Elementos de longitud fija [NR] 130821s1933 fr ao fr 1 fre
040 ## - FUENTE DE CATALOGACION [NR]
Agencia de catalogación original [NR] CO-BoUCM
Idioma de catalogación [NR] spa
Quien Cataloga Sandra Yazo
Quien Clasifica Sandra Yazo
041 0# - CODIGO DE IDIOMA [R]
Código de idioma para texto/pista de sonido o título separado [R] Español
082 04 - NUMERO DE CLASIFICACION DECIMAL DEWEY [R]
Número de clasificación [R] 947.084
Número de la edición [NR] 20
092 ## - SIGNATURA TOPOGRAFICA LOCAL
Número de clasificación local E51N049
100 1# - ASIENTO PRINCIPAL--NOMBRE PERSONAL [NR]
Nombre personal [NR] Noulens, Joseph
Fechas asociadas con el nombre [NR] 1864-1944
ID Autoridad 103364
242 00 - TRADUCCION DEL TITULO POR LA AGENCIA CATALOGADORA [R]
Código de idioma del título traducido [NR] spa
245 10 - MENCION DE TITULO [NR]
Título [NR] Mon Ambassade en Russie Soviétique
Mención de responsabilidad, etc. [NR] Jorge Saborido ; editor José María Fernández
Parte restante del título [NR] 1917. Tome Premier [ -1919. Tome second]
260 ## - PUBLICACION, DISTRIBUCION, ETC. (PIE DE IMPRENTA) [R]
Lugar de publicación, distribución, etc. [R] París (Francia)
Nombre del editor, distribuidor, etc. [R] Librairie Plon ; Les petits-fils de Plon et Nourrit [Librería Plon ; Nietos de Plon y Nourrit]
Fecha de publicación, distribución, etc. [R] 1933
300 ## - DESCRIPCION FISICA [R]
Extensión [R] 2 volúmenes (xxvi, 259 ; 300 páginas)
Dimensiones [R] 19 x 12 cm.
500 ## - NOTA GENERAL [R]
Nota general [NR] Detalles físicos: Sin encuadernación original, actualmente, encuadernación rígida (holandesa) en cartón forrado en papel, lomo de tela y adornos en dorado. Guardas. Hoja de cortesía. Anteportada. Portada impresa en una tinta con un grabado con marca tipográfica del editor. Texto impreso en una sola columna. Sumarios iniciales. Ilustraciones (fotografía) fuera del texto. Índices al final de cada tomo.
505 0# - NOTA DE CONTENIDO CON FORMATO PREESTABLECIDO [R]
Nota de contenido con formato preestablecido [NR] V.1: Capítulos I al XI: Mi nombramiento como embajador en Rusia ; Retrospectiva de algunos hechos ; Lenin ; El gobierno provisional Represión del movimiento insurrecto ; La familia imperial en Tobolsk ; Conferencia de Moscú ; Discurso de Kerensky ; Mensaje de Benedicto XV ; Golpe de estado de Kornilov ; Reparto de fusiles a los bolcheviques ; Bolcheviques, mayoría en el Soviet ; Golpe de Estado del 7 de noviembre de 1917 ; Asalto al Palacio de Invierno -- V.2: Por que dejamos Petrogrado el 28 de febrero de 1918 ; Situación en Finlandia ; Cuarto congreso del Soviet en Moscú ; Japón interviene en Vladivostok ; Los intereses aliados en Rusia ; Maniobras contradictorias de los Comisarios del Pueblo ; El Comité de Regeneración ; Caída de Rumania ; El papel de los agentes secretos
506 ## - NOTA DE RESTRICCIONES DE ACCESO [R]
Condiciones de acceso [NR] Consulta en sala
546 ## - NOTA DE IDIOMA [R]
Nota de idioma [NR] Texto en frances
650 #7 - ASIENTO SECUNDARIO DE MATERIA - TERMINO TEMATICO [R]
9 (RLIN) 13310
Término temático o nombre geográfico como elemento de entrada [NR] Diplomacia
Subdivisión geográfica [R] Europa
650 #7 - ASIENTO SECUNDARIO DE MATERIA - TERMINO TEMATICO [R]
Término temático o nombre geográfico como elemento de entrada [NR] Relaciones exteriores
Subdivisión general [R] Rusia
9 (RLIN) 103365
651 #4 - ASIENTO SECUNDARIO DE MATERIA - NOMBRE GEOGRAFICO [R]
Nombre geográfico [NR] Rusia
Subdivisión general [R] Historia
Subdivisión cronológica [R] Revolucion
9 (RLIN) 33378
690 ## - ASUNTO AGREGADO LOCAL DE ENTRADA - TÉRMINO TEMÁTICO (OCLC, RLIN)
Acceso temático local Historia de Europa
9 (RLIN) 26509
942 ## - ELEMENTOS DE ENTRADA AGREGADOS (KOHA)
Tipo de ítem principal el descrito en 300a Libro
Tema principal 21
Edición 1
Sistema de clasificación LOCAL
Clasificación E51N049
Existencias
Suprimido Perdido Sistema de clasificación Dañado No prestable Tipo de ítem específico Ubicación habitual Ubicación actual Localización Fecha de creación Forma de adquisición Costo Volúmen / Fascículo Total préstamos Signatura topográfica Código de barras Última vez visto Ejemplar Price effective from Tipo de ítem
    LOCAL     Libro archivo Archivo Histórico Archivo Histórico Archivo histórico 07/05/2021 Donación 0.00 V.1   E51N049 L010621 07/05/2021 Ej.1 07/05/2021 Libro
    LOCAL     Libro archivo Archivo Histórico Archivo Histórico Archivo histórico 07/05/2021 Donación 0.00 V.2   E51N049 L010622 07/05/2021 Ej.1 07/05/2021 Libro